000 00451nam a2200193Ia 4500
008 101110s9999 xx 000 0 und d
041 _aENGLISH
082 _bSR2333
_a651.3
100 _aVaidya G.G.
245 _aCommercial Organization
365 _b10
520 _aCommerce
546 _aENGLISH
630 _aCommercial Organization
650 _aCommerce
655 _aCommerce
730 _aCommercial Organization
942 _cBOOK
999 _c799122
_d799119